All Administrative Divisions of Countries Pt. 3 - Statistics

General Stats
  • This quiz has been taken 17 times
  • The average score is 112 of 487
Answer Stats
Country Answer % Correct
Germany Berlin
86%
Germany Hamburg
86%
Germany Bavaria
79%
Germany Hesse
79%
Germany Baden-Württemberg
71%
Germany Brandenburg
71%
Germany Bremen
71%
Ghana | Israel Central
71%
Greece Crete
71%
Ghana Eastern
71%
Germany Lower Saxony
71%
Ghana | Israel Northern
71%
Germany Saxony
71%
Germany Saxony-Anhalt
71%
Germany Schleswig-Holstein
71%
Iran Tehran
71%
Germany Thuringia
71%
Hungary Budapest
64%
India Delhi
64%
Indonesia Jakarta
64%
Germany North Rhine-Westphalia
64%
Kazakhstan Nur-Sultan
64%
Germany Saarland
64%
Italy Sicily
64%
Israel Southern
64%
India Tamil Nadu
64%
Japan Tōkyō
64%
Ghana Western
64%
Greece Attica
57%
Iraq Baghdad
57%
Ireland Dublin
57%
Guatemala Guatemala
57%
India Jammu and Kashmir
57%
Jamaica Kingston
57%
Italy Lombardy
57%
Germany Mecklenburg-Vorpommern
57%
Germany Rhineland-Palatinate
57%
India Uttar Pradesh
57%
Kazakhstan Almaty
50%
Italy Aosta Valley
50%
India Assam
50%
Indonesia Bali
50%
Italy Calabria
50%
India Goa
50%
Japan Hokkaidō
50%
Israel Jerusalem
50%
Italy Lazio
50%
Italy Liguria
50%
Jordan Ma'an
50%
Japan Ōsaka
50%
Italy Piedmont
50%
India Punjab
50%
Iran Qom
50%
Italy Sardinia
50%
Israel Tel Aviv
50%
Italy Veneto
50%
Italy Abruzzo
43%
Jordan Amman
43%
Italy Basilicata
43%
Italy Campania
43%
Indonesia Central Java
43%
Guinea Conakry
43%
Ireland Cork
43%
Indonesia East Java
43%
Italy Emilia-Romagna
43%
Japan Hiroshima
43%
India Karnataka
43%
Iran Kurdistan
43%
Japan Kyōto
43%
Ireland Limerick
43%
India Madhya Pradesh
43%
Italy Marche
43%
India Nagaland
43%
Japan Nagasaki
43%
Ghana North East
43%
India Puducherry
43%
India Rajasthan
43%
Iceland Reykjavík
43%
India Sikkim
43%
Italy Tuscany
43%
India West Bengal
43%
Indonesia West Java
43%
Indonesia West Sulawesi
43%
Indonesia Aceh
36%
India Andaman and Nicobar Islands
36%
Italy Apulia
36%
India Arunachal Pradesh
36%
India Bihar
36%
Guinea-Bissau Bissau
36%
Indonesia Central Sulawesi
36%
India Chandigarh
36%
India Chhattisgarh
36%
India Daman and Diu
36%
Iraq Erbil
36%
Italy Friuli-Venezia Giulia
36%
Japan Fukuoka
36%
Japan Fukushima
36%
India Gujarat
36%
Israel Haifa
36%
India Himachel Pradesh
36%
Iran Isfahan
36%
India Lakshadweep
36%
India Maharashtra
36%
India Manipur
36%
Italy Molise
36%
Haiti Nord
36%
Indonesia North Sulawesi
36%
Indonesia North Sumatra
36%
India Odisha
36%
Japan Okinawa
36%
Indonesia Papua
36%
Grenada Saint John
36%
Indonesia South Sulawesi
36%
Indonesia South Sumatra
36%
India Tripura
36%
Italy Umbria
36%
India Uttarakhand
36%
Indonesia West Sumatra
36%
Indonesia Yogyakarta
36%
Iceland Akureyri
29%
India Andrha Pradesh
29%
Iraq Basra
29%
Indonesia Central Kalimantan
29%
Haiti Centre
29%
India Dadra and Nagar Haveli
29%
Indonesia East Kalimantan
29%
Ireland Galway
29%
Iran Gilan
29%
India Haryana
29%
India Jharkhand
29%
India Kerala
29%
India Ladakh
29%
Iran Lorestan
29%
India Meghalaya
29%
Japan Mie
29%
India Mizoram
29%
Japan Nara
29%
Indonesia North Kalimantan
29%
Hungary Pest
29%
Guatemala Petén
29%
Iran Qazvin
29%
Guatemala Quetzaltenango
29%
Indonesia Riau
29%
Indonesia Riau Islands
29%
Grenada Saint George
29%
Indonesia Southeast Sulawesi
29%
Indonesia South Kalimantan
29%
Haiti Sud
29%
India Telangana
29%
Indonesia West Kalimantan
29%
Indonesia West Papua
29%
Greece Aegean
21%
Iraq Al Anbar
21%
Iran Alborz
21%
Iran Ardabil
21%
Honduras Atlántida
21%
Iraq Babil
21%
Hungary Bács-Kiskun
21%
Kazakhstan Baikonur
21%
Indonesia Bangka Belitung Islands
21%
Indonesia Banten
21%
Hungary Baranya
21%
Hungary Békés
21%
Hungary Borsod-Abaúj-Zemplén
21%
Guatemala Chiquimula
21%
Honduras Choluteca
21%
Honduras Cortés
21%
Hungary Csongrád
21%
Iran East Azerbaijan
21%
Kazakhstan East Kazakhstan
21%
Indonesia East Nusa Tenggara
21%
Guatemala Escuintla
21%
Guyana Essequibo Islands-West Demerara
21%
Iran Fars
21%
Hungary Fejér
21%
Iran Golestan
21%
Indonesia Gorontalo
21%
Ghana Greater Accra
21%
Hungary Győr-Moson-Sopron
21%
Hungary Hajdú-Bihar
21%
Hungary Heves
21%
Guatemala Huehuetenango
21%
Japan Hyōgo
21%
Japan Ibaraki
21%
Hungary Jász-Nagykun-Szolnok
21%
Japan Kagoshima
21%
Guinea Kankan
21%
Guinea Kindia
21%
Iraq Kirkuk
21%
Hungary Komárom-Esztergom
21%
Kazakhstan Kostanay
21%
Indonesia Lampung
21%
Honduras La Paz
21%
Honduras Lempira
21%
Indonesia Maluku
21%
Iran Mazandaran
21%
Japan Miyazaki
21%
Greece Mount Athos
21%
Japan Nagano
21%
Hungary Nógrád
21%
Iran North Khorasan
21%
Indonesia North Maluku
21%
Japan Okayama
21%
Haiti Ouest
21%
Grenada | Jamaica Saint Andrew
21%
Japan Saitama
21%
Iran Sistan and Baluchestan
21%
Hungary Somogy
21%
Hungary Szabolcs-Szatmár-Bereg
21%
Hungary Tolna
21%
Honduras Valle
21%
Hungary Vas
21%
Hungary Veszprém
21%
Japan Wakayama
21%
Iran West Azerbaijan
21%
Indonesia West Nusa Tenggara
21%
Japan Yamanashi
21%
Iran Yazd
21%
Honduras Yoro
21%
Hungary Zala
21%
Iran Zanjan
21%
Ghana Ahafo
14%
Japan Aichi
14%
Japan Akita
14%
Kazakhstan Akmola
14%
Iceland Akranes
14%
Kazakhstan Aktobe
14%
Iraq Al-Qādisiyyah
14%
Guatemala Alta Verapaz
14%
Japan Aomori
14%
Jordan Aqaba
14%
Haiti Artibonite
14%
Iceland Ásahreppur
14%
Ghana Ashanti
14%
Kazakhstan Atyrau
14%
Guinea-Bissau Bafatá
14%
Guatemala Baja Verapaz
14%
Guyana Barima-Waini
14%
Indonesia Bengkulu
14%
Guinea-Bissau Biombo
14%
Guinea Boké
14%
Guinea-Bissau Bolama
14%
Iceland Bolungarvík
14%
Ghana Bono
14%
Ghana Bono East
14%
Iran Bushehr
14%
Guinea-Bissau Cacheu
14%
Iran Chahar Mahaal and Bakhtiari
14%
Japan Chiba
14%
Guatemala Chimaltenango
14%
Ireland Clare
14%
Honduras Colón
14%
Honduras Comayagua
14%
Honduras Copán
14%
Guyana Cuyuni-Mazaruni
14%
Guyana Demerara-Mahaica
14%
Iraq Dhi Qar
14%
Iraq Diyala
14%
Iraq Dohuk
14%
Guyana East Berbice-Corentyne
14%
Japan Ehime
14%
Honduras El Paraíso
14%
Guatemala El Progreso
14%
Guinea Faranah
14%
Honduras Francisco Morazán
14%
Japan Fukui
14%
Guinea-Bissau Gabu
14%
Japan Gifu
14%
Honduras Gracias a Dios
14%
Haiti Grand'Anse
14%
Iceland Grindavíkurbær
14%
Japan Gunma
14%
Iceland Hafnarfjörður
14%
Iran Hamadan
14%
Jamaica Hanover
14%
Iran Hormozgān
14%
Iran Ilam
14%
Honduras Intibucá
14%
Japan Ishikawa
14%
Honduras Islas de la Bahía
14%
Japan Iwate
14%
Guatemala Izabal
14%
Guatemala Jalapa
14%
Indonesia Jambi
14%
Kazakhstan Jambyl
14%
Israel Judea and Samaria
14%
Guatemala Jutiapa
14%
Japan Kagawa
14%
Japan Kanagawa
14%
Kazakhstan Karaganda
14%
Iraq Karbala
14%
Iran Kerman
14%
Iran Kermanshah
14%
Iran Khuzestan
14%
Ireland Kilkenny
14%
Iceland Kjósarhreppur
14%
Iceland Kópavogur
14%
Japan Kumamoto
14%
Guinea Labé
14%
Guyana Mahaica-Berbice
14%
Guinea Mamou
14%
Iran Markazi
14%
Ireland Mayo
14%
Japan Miyagi
14%
Iceland Mosfellsbær
14%
Iraq Najaf
14%
Japan Niigata
14%
Haiti Nippes
14%
Haiti Nord-Est
14%
Haiti Nord-Ouest
14%
Kazakhstan North Kazakhstan
14%
Guinea Nzérékoré
14%
Honduras Ocotepeque
14%
Guinea-Bissau Oio
14%
Japan Ōita
14%
Honduras Olancho
14%
Iceland Ölfus
14%
Ghana Oti
14%
Guyana Pomeroon-Supenaam
14%
Jamaica Portland
14%
Guyana Potaro-Siparuni
14%
Guatemala Quiché
14%
Guinea-Bissau Quinara
14%
Iran Razavi Khorasan
14%
Guatemala Retalhuleu
14%
Iceland Reykjanesbær
14%
Guatemala Sacatepéquez
14%
Japan Saga
14%
Jamaica Saint Catherine
14%
Jamaica Saint Elizabeth
14%
Jamaica Saint James
14%
Jamaica Saint Mary
14%
Guatemala San Marcos
14%
Honduras Santa Bárbara
14%
Guatemala Santa Rosa
14%
Ghana Savannah
14%
Iceland Seltjarnarnes
14%
Iran Semnan
14%
Iceland Seyðisfjörður
14%
Japan Shiga
14%
Japan Shimane
14%
Kazakhstan Shymkent
14%
Iceland Skorradalshreppur
14%
Guatemala Sololá
14%
Iran South Khorasan
14%
Guatemala Suchitepéquez
14%
Haiti Sud-Est
14%
Japan Tochigi
14%
Guinea-Bissau Tombali
14%
Guatemala Totonicapán
14%
Japan Tottori
14%
Jamaica Trelawny
14%
Italy Trentino-South Tyrol
14%
Kazakhstan Turkistan
14%
Guyana Upper Demerara-Berbice
14%
Ghana Upper East
14%
Guyana Upper Takutu-Upper Essequibo
14%
Ghana Upper West
14%
Iceland Vestmannaeyjar
14%
Iceland Vogar
14%
Ghana Volta
14%
Iraq Wasit
14%
Ireland Waterford
14%
Ghana Western North
14%
Kazakhstan West Kazakhstan
14%
Japan Yamagata
14%
Japan Yamaguchi
14%
Guatemala Zacapa
14%
Jordan Zarqa
14%
Iceland Akrahreppur
7%
Kazakhstan Almaty Region
7%
Iceland Árborg
7%
Iceland Árneshreppur
7%
Iceland Bláskógabyggð
7%
Iceland Blönduósbær
7%
Iceland Borgarbyggð
7%
Iceland Borgarfjarðarhreppur
7%
Grenada Carriacou
7%
Jamaica Clarendon
7%
Iceland Dalabyggð
7%
Iceland Dalvíkurbyggð
7%
Iceland Djúpavogshreppur
7%
Ireland Donegal
7%
Greece Epirus and Western Macedonia
7%
Iceland Eyjafjarðarsveit
7%
Iceland Eyja-og Miklaholtshreppur
7%
Iceland Fjallabyggð
7%
Iceland Fjarðabyggð
7%
Iceland Fljótsdalshérað
7%
Iceland Fljótsdalshreppur
7%
Iceland Flóahreppur
7%
Iceland Garðabær
7%
Iceland Grímsnes og Grafningshreppur
7%
Iceland Grundarfjarðarbær
7%
Iceland Grýtubakkahreppur
7%
Iraq Halabja
7%
Iceland Helgafellssveit
7%
Iceland Hörgársveit
7%
Iceland Hornafjörður
7%
Iceland Hrunamannahreppur
7%
Iceland Húnavatnshreppur
7%
Iceland Hvalfjarðarsveit
7%
Iceland Hveragerði
7%
Jordan Irbid
7%
Iceland Ísafjarðarbær
7%
Iceland Kaldrananeshreppur
7%
Ireland Kerry
7%
Japan Kōchi
7%
Iran Kohgiluyeh and Boyer-Ahmad
7%
Kazakhstan Kyzylorda
7%
Iceland Langanesbyggð
7%
Ireland Leitrim
7%
Ireland Longford
7%
Greece Macedonia and Thrace
7%
Jamaica Manchester
7%
Kazakhstan Mangystau
7%
Iraq Maysan
7%
Iraq Muthanna
7%
Iceland Mýrdalshreppur
7%
Iraq Nineveh
7%
Kazakhstan Pavlodar
7%
Greece Peloponnese, Western Greece and the Ionian
7%
Grenada Petite Martinique
7%
Iceland Reykhólahreppur
7%
Jamaica Saint Ann
7%
Grenada Saint David
7%
Grenada Saint Mark
7%
Grenada Saint Patrick
7%
Jamaica Saint Thomas
7%
Japan Shizuoka
7%
Iceland Skaftárhreppur
7%
Iceland Skagabyggð
7%
Iceland Skagafjörður
7%
Iceland Skagaströnd
7%
Iceland Skeiða og Gnúpverjahreppur
7%
Iceland Skútustaðahreppur
7%
Ireland Sligo
7%
Iceland Snæfellsbær
7%
Iceland Strandabyggð
7%
Iceland Stykkishólmur
7%
Iceland Súðavíkurhreppur
7%
Iceland Suðurnesjabær
7%
Iraq Sulaymaniyah
7%
Iceland Svalbarðshreppur
7%
Iceland Svalbarðsstrandarhreppur
7%
Iceland Tálknafjarðarhreppur
7%
Greece Thessaly and Central Greece
7%
Ireland Tipperary
7%
Iceland Tjörneshreppur
7%
Japan Tokushima
7%
Japan Toyama
7%
Iceland Vesturbyggð
7%
Iceland Vopnafjarðarhreppur
7%
Jamaica Westmoreland
7%
Ireland Wexford
7%
Jordan Ajloun
0%
Jordan Balqa
0%
Ireland Carlow
0%
Ireland Cavan
0%
Ireland Cork County
0%
Ireland Dún Laoghaire-Rathdown
0%
Ireland Fingal
0%
Ireland Galway County
0%
Iceland Húnaþing Vestra
0%
Jordan Jerash
0%
Jordan Karak
0%
Ireland Kildare
0%
Ireland Laois
0%
Ireland Louth
0%
Jordan Madaba
0%
Jordan Mafraq
0%
Ireland Meath
0%
Ireland Monaghan
0%
Iceland Norðurþing
0%
Ireland Offaly
0%
Iceland Rangárþing Eystra
0%
Iceland Rangárþing Ytra
0%
Ireland Roscommon
0%
Iraq Saladin
0%
Ireland South Dublin
0%
Jordan Tafilah
0%
Iceland Þingeyjarsveit
0%
Ireland Westmeath
0%
Ireland Wicklow
0%
No matching quizzes found
Score Distribution
Percent of People with Each Score
Percentile by Number Answered
Your Score History
You have not taken this quiz